[Event "Mondiale Lampo FIDE 2017"]
[Site "Riyadh"]
[Date "30.12.2017"]
[Round "17.25"]
[White "Guseinov, Gadir"]
[Black "Bosiocic, Marin"]
[Result "1/2-1/2"]
[WhiteTitle "GM"]
[BlackTitle "GM"]
[WhiteElo "2646"]
[BlackElo "2624"]
[WhiteFideId "13401378"]
[BlackFideId "14507927"]
[EventDate "2017.12.29"]

1. e4 e5 2. Nf3 Nc6 3. Bb5 Nf6 4. O-O Nxe4 5. d4 Nd6 6. dxe5 Nxb5 7. a4 Nbd4 8.
Nxd4 Nxd4 9. Qxd4 d5 10. Qd3 c6 11. a5 Qd7 12. Be3 Qf5 13. Qc3 Qg6 14. f4 Bf5
15. Nd2 Be7 16. Bc5 Bxc5+ 17. Qxc5 Bxc2 18. Ra3 Bf5 19. Rb3 Rb8 20. Nf3 Be4 21.
Ng5 b6 22. axb6 axb6 23. Rxb6 Rxb6 24. Qxb6 O-O 25. Nxe4 dxe4 26. f5 Qh6 27. Qd4
e3 28. Re1 Qg5 29. Qe4 Rb8 30. h4 Qe7 31. Rxe3 Rxb2 32. f6 Qc5 33. Kh2 Rb4 34.
Qd3 Rxh4+ 35. Kg3 Rd4 36. Qa3 Qxa3 37. Rxa3 gxf6 38. exf6 h6 39. Ra7 Rd6 40. Kh4
Rxf6 41. g4 Rg6 42. Rc7 Kg7 43. Kh5 Rg5+ 44. Kh4 c5 45. Rc6 Rd5 46. Rc8 Kf6 47.
Rc6+ Kg7 48. Rc8 Kg6 49. Rc6+ f6 50. Rc8 h5 51. Rg8+ Kf7 52. Rc8 hxg4 53. Kxg4
Kg6 54. Rg8+ Kf7 55. Rc8 Ke6 56. Kf4 Rh5 57. Rc6+ Kf7 58. Kg4 Rd5 59. Kf4 Kg6
60. Rc8 Rh5 61. Rg8+ Kf7 62. Rc8 Ke6 63. Rc6+ Kd5 64. Rxf6 Re5 65. Rf8 Re7 66.
Rd8+ Kc4 67. Rd1 Kb3 68. Rb1+ Kc2 1/2-1/2

[Event "Mondiale Lampo FIDE 2017"]
[Site "Riyadh"]
[Date "30.12.2017"]
[Round "17.26"]
[White "Fressinet, Laurent"]
[Black "Wang, Yue"]
[Result "0-1"]
[WhiteTitle "GM"]
[BlackTitle "GM"]
[WhiteElo "2662"]
[BlackElo "2690"]
[WhiteFideId "608742"]
[BlackFideId "8601429"]
[EventDate "2017.12.29"]

1. e4 e5 2. Bc4 Nf6 3. d3 c6 4. Nf3 d5 5. Bb3 Qc7 6. Nc3 dxe4 7. Nxe4 Nxe4 8.
dxe4 Bg4 9. Be3 Bh5 10. Qe2 Nd7 11. O-O-O Nc5 12. Bxc5 Bxc5 13. Rd3 O-O 14. Rhd1
Rad8 15. h3 Rxd3 16. Rxd3 Kh8 17. g4 Bg6 18. Nh4 Qe7 19. Nf5 Bxf5 20. exf5 e4
21. Rd1 g6 22. Re1 gxf5 23. gxf5 Re8 24. Kb1 Qf6 25. Qc4 Qxf5 26. Qxf7 Qxf7 27.
Bxf7 Rf8 28. Bc4 b5 29. Be6 Rxf2 30. Bd7 e3 31. Bxc6 b4 32. Bb5 Rh2 33. Bd7 Kg7
34. Bg4 Kf6 35. a4 bxa3 36. bxa3 Ke5 37. Kb2 h5 38. Bxh5 Rxh3 39. Be2 Rh8 40.
Bd3 Rb8+ 41. Ka2 Bd4 42. Rb1 Re8 43. Rb5+ Kf4 44. Rb4 Ke5 45. Rb5+ Kd6 46. Be2
Rf8 47. Rb8 Rxb8 0-1

[Event "Mondiale Lampo FIDE 2017"]
[Site "Riyadh"]
[Date "30.12.2017"]
[Round "17.28"]
[White "Pantsulaia, Levan"]
[Black "Grigoriants, Sergey"]
[Result "1-0"]
[WhiteTitle "GM"]
[BlackTitle "GM"]
[WhiteElo "2612"]
[BlackElo "2561"]
[WhiteFideId "13602071"]
[BlackFideId "4130804"]
[EventDate "2017.12.29"]

1. Nf3 c5 2. c4 Nf6 3. Nc3 e6 4. g3 b6 5. Bg2 Bb7 6. O-O Be7 7. d4 cxd4 8. Qxd4
O-O 9. Rd1 Nc6 10. Qf4 Qb8 11. b3 Rd8 12. Bb2 Qxf4 13. gxf4 Na5 14. Ne5 Bxg2 15.
Kxg2 d6 16. Nf3 Rd7 17. Rd2 Rad8 18. Rad1 Kf8 19. Nb5 a6 20. Nc3 Nc6 21. e3 Ke8
22. Ng5 h6 23. Nge4 Nxe4 24. Nxe4 f5 25. Ng3 Kf7 26. Kf3 g5 27. h3 Bf6 28. Bxf6
Kxf6 29. Ne2 Ne7 30. Nc3 gxf4 31. exf4 d5 32. Na4 Rb8 33. Re1 Rc7 34. Nb2 b5 35.
Rde2 Rc6 36. c5 d4 37. Nd3 Nd5 38. Ne5 Rc7 39. Rg1 Re8 40. Rg6+ Ke7 41. Nd3 Kd7
42. Rxh6 a5 43. a3 b4 44. a4 Nc3 45. Re1 Ne4 46. Rxe4 fxe4+ 47. Kxe4 Kc8 48.
Kxd4 Rd7+ 49. Kc4 Red8 50. Ne5 Rd4+ 51. Kb5 Rxf4 52. Kb6 Rxf2 53. Rh7 Rdf8 54.
Rc7+ 1-0

[Event "Mondiale Lampo FIDE 2017"]
[Site "Riyadh"]
[Date "30.12.2017"]
[Round "17.29"]
[White "Vallejo Pons, Francisco"]
[Black "Inarkiev, Ernesto"]
[Result "1/2-1/2"]
[WhiteTitle "GM"]
[BlackTitle "GM"]
[WhiteElo "2707"]
[BlackElo "2689"]
[WhiteFideId "2205530"]
[BlackFideId "4162722"]
[EventDate "2017.12.29"]

1. e4 e5 2. Nf3 Nc6 3. Bb5 a6 4. Ba4 Nf6 5. O-O Be7 6. Qe2 b5 7. Bb3 d6 8. c3
O-O 9. d4 Bb7 10. Rd1 Qc8 11. Nbd2 Nd7 12. Nf1 Bf6 13. Ng3 Na5 14. Bc2 g6 15.
Bh6 Re8 16. d5 c6 17. dxc6 Qxc6 18. Ng5 Bg7 19. Bxg7 Kxg7 20. Rd3 Nf6 21. Rad1
Rad8 22. Bb3 Nc4 23. Bxc4 bxc4 24. R3d2 h6 25. Nf3 d5 26. exd5 Rxd5 27. Rxd5
Nxd5 28. Qe4 Qb5 29. Qg4 Bc8 30. Nh5+ Kf8 31. Qe4 Bb7 32. Ng3 Nxc3 33. Qh4 Nxd1
34. Qxh6+ Ke7 35. h4 Qb6 36. Qg5+ Qf6 37. Qd2 Rd8 38. Qb4+ Qd6 39. Qxb7+ Rd7 40.
Qe4 f5 41. Qxc4 Qb6 42. Nxe5 Qxf2+ 43. Kh2 Rd2 44. Qf7+ Kd6 45. Nc4+ Kc5 46.
Nxd2 Qxd2 47. Qxg6 Ne3 48. Nxf5 Nf1+ 49. Kh3 Qf4 50. g3 Qf3 51. Qd6+ Kc4 52.
Qd4+ Kb5 53. Qd7+ Kb6 54. Qd4+ Kb7 55. Nd6+ Kc7 56. Qc5+ Kd8 57. Qc8+ Ke7 58.
Nf5+ Kf6 59. Qf8+ Ke5 60. Qc5+ Kf6 61. Qe7+ Kxf5 62. Qf7+ Ke4 63. Qxf3+ Kxf3 64.
g4 Ne3 65. g5 Kf4 66. g6 Ng4 67. b4 Nf6 68. a4 Kf5 69. g7 Kg6 70. b5 axb5 71.
axb5 Kxg7 72. b6 Nd7 73. b7 Kg6 74. Kg4 Kh6 75. h5 Nb8 76. Kh4 Nc6 77. Kg4 Nb8
78. Kf5 Kxh5 79. Ke6 Kg6 80. Kd6 Kf6 81. Kc7 Na6+ 1/2-1/2

[Event "Mondiale Lampo FIDE 2017"]
[Site "Riyadh"]
[Date "30.12.2017"]
[Round "17.30"]
[White "Zhigalko, Sergei"]
[Black "Akobian, Varuzhan"]
[Result "0-1"]
[WhiteTitle "GM"]
[BlackTitle "GM"]
[WhiteElo "2641"]
[BlackElo "2647"]
[WhiteFideId "13502956"]
[BlackFideId "13300580"]
[EventDate "2017.12.29"]

1. e4 e6 2. d4 d5 3. e5 c5 4. c3 Qb6 5. Nf3 Nc6 6. a3 c4 7. Nbd2 Na5 8. Be2 Bd7
9. O-O Ne7 10. Rb1 Qc7 11. Qe1 Nc8 12. Bd1 Nb6 13. h4 Be7 14. h5 h6 15. g3 Ba4
16. Bxa4+ Nxa4 17. Qd1 Qc6 18. Nh2 O-O-O 19. Re1 Kb8 20. Qf3 Rdf8 21. Ndf1 Nb3
22. Be3 a6 23. Kg2 Ka8 24. Qe2 Rhg8 25. Qc2 Rh8 26. Nf3 Nb6 27. g4 Rfg8 28. Ng3
g6 29. Rh1 gxh5 30. Rxh5 Rxg4 31. Rbh1 Na4 32. Rxh6 Rhg8 33. Rh7 Qe8 34. R1h5
R4g6 35. Bf4 Na1 36. Qb1 Nb3 37. Qc2 Rg4 38. Be3 f5 39. exf6 Bxf6 40. Nh2 R4g6
41. R5h6 e5 42. Rxg6 Rxg6 43. dxe5 Bxe5 44. Nf1 Nac5 45. Qf5 Ne4 46. Qh5 0-1

[Event "Mondiale Lampo FIDE 2017"]
[Site "Riyadh"]
[Date "30.12.2017"]
[Round "17.32"]
[White "Sjugirov, Sanan"]
[Black "Dobrov, Vladimir"]
[Result "1-0"]
[WhiteTitle "GM"]
[BlackTitle "GM"]
[WhiteElo "2650"]
[BlackElo "2515"]
[WhiteFideId "4189302"]
[BlackFideId "4136594"]
[EventDate "2017.12.29"]

1. d4 Nf6 2. Nf3 e6 3. Bg5 c5 4. e3 Nc6 5. Nbd2 h6 6. Bh4 cxd4 7. exd4 Be7 8. c3
b6 9. Bd3 Bb7 10. Qe2 Nh5 11. Bxe7 Qxe7 12. g3 Nf6 13. O-O-O O-O-O 14. Rhe1 Kb8
15. Kb1 d6 16. Nc4 Qc7 17. Nfd2 Nd5 18. f4 Nce7 19. h4 Nf5 20. Qf2 h5 21. Rc1 g6
22. Nf3 Rc8 23. Ncd2 Rhd8 24. Ng5 a6 25. c4 Nf6 26. a3 Ka7 27. Nb3 Ng4 28. Qg1
Qe7 29. d5 e5 30. a4 f6 31. Ne6 Rb8 32. a5 Ba8 33. Bxf5 gxf5 34. Nxd8 Qxd8 35.
Rc3 Kb7 36. axb6 Qxb6 37. c5 dxc5 38. Qxc5 Qxc5 39. Nxc5+ Ka7 40. d6 Rd8 41. Rd1
Nf2 42. Rd2 Ne4 43. Nxe4 Bxe4+ 44. Ka2 Kb6 45. d7 1-0

[Event "Mondiale Lampo FIDE 2017"]
[Site "Riyadh"]
[Date "30.12.2017"]
[Round "17.33"]
[White "Howell, David W L"]
[Black "Demchenko, Anton"]
[Result "1-0"]
[WhiteTitle "GM"]
[BlackTitle "GM"]
[WhiteElo "2676"]
[BlackElo "2660"]
[WhiteFideId "410608"]
[BlackFideId "4160258"]
[EventDate "2017.12.29"]

1. d4 Nf6 2. Nc3 d5 3. Bf4 g6 4. Qd2 Bg7 5. Bh6 Bxh6 6. Qxh6 Bf5 7. Qd2 c5 8. e3
cxd4 9. exd4 Nc6 10. a3 Rc8 11. Nge2 O-O 12. Ng3 Bd7 13. h4 h5 14. Be2 Re8 15.
O-O-O a6 16. Kb1 b5 17. Na2 e5 18. dxe5 Nxe5 19. Nb4 Qb6 20. Qd4 Qc7 21. Rc1 a5
22. Nxd5 Nxd5 23. Qxd5 Bc6 24. Qc5 b4 25. Rhe1 Nd7 26. Qg5 Re5 27. Qf4 bxa3 28.
b3 Bxg2 29. Bc4 Rf8 30. Nxh5 Qc5 31. Nf6+ Nxf6 32. Rxe5 Qb6 33. Qg5 Be4 34. Ka2
Qd4 35. c3 Qxf2+ 36. Kxa3 a4 37. Rxe4 Nxe4 38. Qxg6+ Kh8 39. Qh6+ Kg8 40. Qg6+
Kh8 41. Qxe4 axb3 42. Bxb3 Rd8 43. Rc2 Qa7+ 44. Kb2 Ra8 45. Qe5+ Kh7 46. Qf5+
Kh8 47. Qh5+ Kg7 48. Rg2+ Kf8 49. Qh6+ Ke7 50. Re2+ Kd7 51. Qd2+ Kc8 52. Re8+
Kb7 53. Qd5+ 1-0

[Event "Mondiale Lampo FIDE 2017"]
[Site "Riyadh"]
[Date "30.12.2017"]
[Round "17.35"]
[White "Van Foreest, Jorden"]
[Black "Cheparinov, Ivan"]
[Result "0-1"]
[WhiteTitle "GM"]
[BlackTitle "GM"]
[WhiteElo "2629"]
[BlackElo "2710"]
[WhiteFideId "1039784"]
[BlackFideId "2905540"]
[EventDate "2017.12.29"]

1. e4 e5 2. Nf3 Nc6 3. Nc3 Nf6 4. a3 d5 5. Bb5 Nxe4 6. Qe2 Qd6 7. Nxe4 dxe4 8.
Qxe4 Bd7 9. O-O O-O-O 10. d3 f5 11. Qe2 Re8 12. Re1 e4 13. dxe4 fxe4 14. Bg5 a6
15. Rad1 Qc5 16. Qd2 Bd6 17. Bxc6 Bxc6 18. Nd4 Qe5 19. g3 Bd7 20. Bf4 Qf6 21.
Bxd6 Qxd6 22. Qc3 Qf6 23. Ne2 Bg4 24. Qxf6 gxf6 25. Rd4 f5 26. Nf4 Rd8 27. Nd5
c6 28. Nb6+ Kc7 29. Rxd8 Rxd8 30. Nc4 b5 31. Ne3 Bf3 32. Nxf5 Rd2 33. Ne3 h5 34.
h3 Kd6 35. g4 hxg4 36. hxg4 Ke5 37. Kh2 Kf4 38. Kg1 Rd8 39. Nf1 Kxg4 40. Nh2+
Kh3 41. Nxf3 exf3 42. Kf1 Kh2 43. Re7 Rd1+ 44. Re1 Rxe1+ 45. Kxe1 Kg2 46. b3 Kg1
47. c4 bxc4 48. bxc4 c5 0-1

[Event "Mondiale Lampo FIDE 2017"]
[Site "Riyadh"]
[Date "30.12.2017"]
[Round "17.36"]
[White "Mchedlishvili, Mikheil"]
[Black "Eljanov, Pavel"]
[Result "1-0"]
[WhiteTitle "GM"]
[BlackTitle "GM"]
[WhiteElo "2603"]
[BlackElo "2711"]
[WhiteFideId "13600966"]
[BlackFideId "14102951"]
[EventDate "2017.12.29"]

1. d4 d5 2. c4 c6 3. Nf3 Nf6 4. g3 dxc4 5. Bg2 b5 6. O-O e6 7. a4 Bb7 8. Ne5 a6
9. b3 cxb3 10. Qxb3 Be7 11. Nc3 b4 12. Rd1 a5 13. Bg5 O-O 14. Bxf6 gxf6 15. Nf3
Nd7 16. Ne4 Qb6 17. Nfd2 f5 18. Nc4 Qc7 19. Ned2 Bf6 20. e4 Bxd4 21. Rac1 c5 22.
exf5 Bxg2 23. Kxg2 exf5 24. Nf3 Qc6 25. Nxa5 Rxa5 26. Rxd4 Ne5 27. Rf4 c4 28.
Qxb4 Rxa4 29. Qc3 f6 30. Rxf5 Rb8 31. Rf4 Qd5 32. Qc2 Ra3 33. Qf5 Rbb3 34. Qxf6
Ng6 35. Rf5 Rxf3 36. Rxf3 Ne5 37. Qf8# 1-0

[Event "Mondiale Lampo FIDE 2017"]
[Site "Riyadh"]
[Date "30.12.2017"]
[Round "17.37"]
[White "Potkin, Vladimir"]
[Black "Meier, Georg"]
[Result "1/2-1/2"]
[WhiteTitle "GM"]
[BlackTitle "GM"]
[WhiteElo "2574"]
[BlackElo "2650"]
[WhiteFideId "4131061"]
[BlackFideId "4675789"]
[EventDate "2017.12.29"]

1. e4 e6 2. d4 d5 3. Nc3 dxe4 4. Nxe4 Nd7 5. Nf3 Ngf6 6. Nxf6+ Nxf6 7. g3 b6 8.
Bb5+ Bd7 9. a4 a6 10. Be2 Bc6 11. O-O Be7 12. Ne5 Bb7 13. c4 O-O 14. Bf3 Ne4 15.
Re1 f5 16. b3 c5 17. Bb2 Qc7 18. Nd3 Rad8 19. Nf4 Qc8 20. d5 exd5 21. Nxd5 Bxd5
22. cxd5 Bf6 23. Bxf6 Rxf6 24. Qd3 Rfd6 25. Bxe4 fxe4 26. Qxe4 Rxd5 27. Kg2 Qd7
28. Re3 Rd4 29. Qe6+ Qxe6 30. Rxe6 R8d6 31. Rae1 Rxe6 32. Rxe6 Rb4 33. a5 bxa5
34. Rxa6 Rxb3 35. Rxa5 Rc3 36. Ra7 h5 37. Rc7 Rc2 38. Kf3 Kh7 39. Rc6 g6 40. Ke3
Kg7 41. h4 Kf7 42. f3 Rc4 1/2-1/2

[Event "Mondiale Lampo FIDE 2017"]
[Site "Riyadh"]
[Date "30.12.2017"]
[Round "17.38"]
[White "Anton Guijarro, David"]
[Black "Jumabayev, Rinat"]
[Result "1-0"]
[WhiteTitle "GM"]
[BlackTitle "GM"]
[WhiteElo "2666"]
[BlackElo "2612"]
[WhiteFideId "2285525"]
[BlackFideId "13702661"]
[EventDate "2017.12.29"]

1. Nf3 d5 2. b3 c6 3. Bb2 Bg4 4. g3 Nd7 5. Bg2 Ngf6 6. O-O e6 7. c4 Bd6 8. d4
O-O 9. Ne5 Bf5 10. Nd2 h6 11. Re1 Re8 12. h3 Bh7 13. e3 Qc7 14. f4 Rad8 15. c5
Bxe5 16. fxe5 Ne4 17. Nxe4 dxe4 18. Qe2 f6 19. exf6 Nxf6 20. g4 Nd5 21. Bc1 Rf8
22. Bd2 e5 23. dxe5 Qxe5 24. Rf1 Bg6 25. Rad1 Qb2 26. Qc4 Rxf1+ 27. Bxf1 Qe5 28.
Bg2 Qg3 29. Qd4 h5 30. Be1 Qc7 31. Bh4 Re8 32. Rf1 hxg4 33. hxg4 Qd7 34. Bh3 Qe6
35. Bg3 Qe7 36. Bg2 Qg5 37. Bf4 Qxg4 38. b4 a6 39. a4 Bh5 40. b5 axb5 41. axb5
Qg6 42. bxc6 bxc6 43. Kh2 Be2 44. Rg1 Qh5+ 45. Bh3 Re7 46. Rg5 Qh4 47. Rg3 Bf1
48. Bg5 Qh5 49. Bxe7 Qe2+ 50. Kg1 1-0

[Event "Mondiale Lampo FIDE 2017"]
[Site "Riyadh"]
[Date "30.12.2017"]
[Round "17.39"]
[White "Fedorchuk, Sergey A."]
[Black "Moiseenko, Alexander"]
[Result "1-0"]
[WhiteTitle "GM"]
[BlackTitle "GM"]
[WhiteElo "2648"]
[BlackElo "2667"]
[WhiteFideId "14102536"]
[BlackFideId "14102560"]
[EventDate "2017.12.29"]

1. e4 c5 2. Nf3 Nc6 3. Bb5 e6 4. Bxc6 bxc6 5. d3 Ne7 6. Qe2 d5 7. c4 Ng6 8. h4
h5 9. e5 f6 10. Nc3 Be7 11. Bd2 Qc7 12. exf6 gxf6 13. O-O-O d4 14. Ne4 e5 15.
Kb1 Bg4 16. Qe1 a5 17. Rc1 a4 18. Rc2 Kf7 19. Nh2 Be6 20. f3 Rab8 21. Bc1 Rbg8
22. Nf1 Nf4 23. Bxf4 exf4 24. Re2 Bc8 25. a3 Rg6 26. Qd1 Rhg8 27. Rh2 Qa5 28.
Qd2 Qxd2 29. Nfxd2 f5 30. Ng5+ Bxg5 31. hxg5 Rxg5 32. b3 h4 33. bxa4 h3 34. gxh3
Rg1+ 35. Kb2 Be6 36. h4 Rb8+ 37. Ka2 Rc1 38. Nb3 Rc3 39. Nxc5 Bc8 40. h5 Rc1 41.
Rb2 Ra8 42. h6 1-0

[Event "Mondiale Lampo FIDE 2017"]
[Site "Riyadh"]
[Date "30.12.2017"]
[Round "17.40"]
[White "Volokitin, Andrei"]
[Black "Kasimdzhanov, Rustam"]
[Result "0-1"]
[WhiteTitle "GM"]
[BlackTitle "GM"]
[WhiteElo "2628"]
[BlackElo "2683"]
[WhiteFideId "14107090"]
[BlackFideId "14200244"]
[EventDate "2017.12.29"]

1. e4 Nf6 2. e5 Nd5 3. d4 d6 4. c4 Nb6 5. exd6 exd6 6. Nc3 Be7 7. Bd3 O-O 8.
Nge2 c6 9. O-O Na6 10. a3 Nc7 11. h3 Re8 12. b3 d5 13. c5 Nd7 14. Bf4 Nf8 15. b4
Bf6 16. Bd6 Nce6 17. Bc2 g6 18. Rb1 Ng7 19. Ng3 h5 20. b5 h4 21. Nge2 Bf5 22.
bxc6 bxc6 23. Rb7 Nfe6 24. Ba4 Qc8 25. Rb2 Qa6 26. Qd2 Bd3 27. Rd1 Bxe2 28. Qxe2
Qa5 29. Qf3 Nxd4 30. Rxd4 Bxd4 31. Rb7 Nf5 32. Bxc6 Qxc3 33. Qxc3 Bxc3 34. Bxd5
Nxd6 35. cxd6 Re1+ 36. Kh2 Be5+ 37. g3 Rf8 38. d7 Rd1 39. Bc6 Rd2 40. Kg1 hxg3
41. fxg3 Bxg3 42. Kf1 Bf2 43. Rc7 Bb6 44. Rc8 Rd8 45. a4 Kg7 0-1

[Event "Mondiale Lampo FIDE 2017"]
[Site "Riyadh"]
[Date "30.12.2017"]
[Round "17.41"]
[White "Ponkratov, Pavel"]
[Black "McShane, Luke J"]
[Result "1-0"]
[WhiteTitle "GM"]
[BlackTitle "GM"]
[WhiteElo "2613"]
[BlackElo "2640"]
[WhiteFideId "4157800"]
[BlackFideId "404853"]
[EventDate "2017.12.29"]

1. b3 e5 2. Bb2 d6 3. c4 g6 4. h4 Bg7 5. h5 g5 6. e4 f5 7. exf5 Bxf5 8. Ne2 h6
9. d4 Nc6 10. Ng3 Bh7 11. d5 Nb4 12. Na3 Qe7 13. Qd2 e4 14. Bxg7 Qxg7 15. Rd1 a5
16. Nb5 Nf6 17. a3 Na6 18. Be2 O-O 19. O-O Nc5 20. b4 Nb3 21. Qe3 a4 22. Rde1
Rae8 23. Bd1 Qd7 24. Bc2 Ng4 25. Qc3 Rf4 26. Ne2 Rff8 27. Ned4 Nxd4 28. Nxd4 Qg7
29. Bd1 Ne5 30. Bxa4 Rf3 31. Re3 Rxe3 32. fxe3 Ra8 33. Bd1 Nd3 34. a4 Qe5 35.
Qd2 Qg3 36. Ne6 c6 37. a5 cxd5 38. cxd5 Ne5 39. Qf2 Qxf2+ 40. Rxf2 Nd3 41. Rf6
Nxb4 42. Rxh6 Nxd5 43. Nxg5 Bf5 44. Bb3 Rxa5 45. Rxd6 Kg7 46. Rxd5 Ra1+ 47. Kh2
Bg4 48. Nxe4 Re1 49. Rg5+ Kh6 50. Rxg4 Rxe3 51. Bd5 b5 52. Nf6 Rh3+ 53. gxh3 b4
54. Rg6# 1-0

[Event "Mondiale Lampo FIDE 2017"]
[Site "Riyadh"]
[Date "30.12.2017"]
[Round "17.42"]
[White "Georgiev, Kiril"]
[Black "Almasi, Zoltan"]
[Result "1-0"]
[WhiteTitle "GM"]
[BlackTitle "GM"]
[WhiteElo "2623"]
[BlackElo "2682"]
[WhiteFideId "2900017"]
[BlackFideId "702293"]
[EventDate "2017.12.29"]

1. d4 Nf6 2. c4 e6 3. Nf3 Bb4+ 4. Bd2 Qe7 5. g3 Bxd2+ 6. Qxd2 Nc6 7. Nc3 d5 8.
Bg2 O-O 9. b3 Rd8 10. cxd5 exd5 11. e3 Ne4 12. Qb2 Bg4 13. O-O Nxc3 14. Qxc3 Rd6
15. Rac1 Rc8 16. Qc5 Bxf3 17. Bxf3 Qd7 18. Bg2 a6 19. Rc2 Nd8 20. Rfc1 Ne6 21.
Qa5 c6 22. a4 g6 23. b4 Nc7 24. Qb6 Ne6 25. Qa5 Nc7 26. h4 h5 27. Kh2 Kg7 28.
Bh3 f5 29. Qc5 Rf8 30. Qa7 Ne8 31. b5 axb5 32. axb5 cxb5 33. Bf1 Rf7 34. Qc5 Nf6
35. Qxb5 Qe7 36. Qb4 Ng4+ 37. Kg1 Qd8 38. Rc8 Qf6 39. R1c7 b6 40. Bb5 Nh6 41.
Be8 Rxc7 42. Rxc7+ Kf8 43. Rc6 Ke7 44. Rxd6 Qxd6 45. Qxd6+ Kxd6 46. Bxg6 b5 47.
Bxh5 b4 48. Bd1 Kc6 49. Ba4+ Kb6 50. Kg2 Ka5 51. Bb3 1-0

[Event "Mondiale Lampo FIDE 2017"]
[Site "Riyadh"]
[Date "30.12.2017"]
[Round "17.43"]
[White "Alekseev, Evgeny"]
[Black "Sargissian, Gabriel"]
[Result "1-0"]
[WhiteTitle "GM"]
[BlackTitle "GM"]
[WhiteElo "2616"]
[BlackElo "2672"]
[WhiteFideId "4138147"]
[BlackFideId "13300881"]
[EventDate "2017.12.29"]

1. Nf3 d5 2. e3 Nf6 3. c4 e6 4. b3 Be7 5. Bb2 O-O 6. Be2 a5 7. O-O c6 8. Nc3 b6
9. d4 Bb7 10. Qc2 Na6 11. Rad1 Rc8 12. Qb1 Bb4 13. Bd3 Qe7 14. Ne2 Rfd8 15. Ng3
h6 16. e4 Ba3 17. Rfe1 Bxb2 18. Qxb2 a4 19. Qe2 Nb4 20. Bb1 axb3 21. axb3 Ba6
22. Ne5 Qc7 23. Qe3 dxc4 24. Nxc4 Bxc4 25. bxc4 Nd7 26. e5 Nf8 27. Nh5 Qe7 28.
f4 Qh4 29. Ng3 c5 30. d5 b5 31. d6 bxc4 32. Qf3 c3 33. Qxc3 Qxf4 34. Rf1 Qh4 35.
Qf3 Rd7 36. Ne4 Nd5 37. g3 Qh3 38. Nf2 Qxf1+ 39. Rxf1 c4 40. Ne4 c3 41. Bc2 Ng6
42. Qh5 Ne3 43. Rf2 Nxc2 44. Rxc2 Rc4 45. Qe2 Nxe5 46. Rxc3 Rd4 47. Rc8+ Kh7 48.
Rc1 Ng6 49. Rd1 Rb4 50. Nc5 Rd8 51. d7 Nf8 52. Qf3 Kg8 53. Qc3 Rb5 54. Qd4 Rb6
55. Qa4 Rbb8 56. Qa5 e5 57. Qc7 e4 58. Qxd8 1-0

[Event "Mondiale Lampo FIDE 2017"]
[Site "Riyadh"]
[Date "30.12.2017"]
[Round "17.44"]
[White "Christiansen, Johan-Sebastian"]
[Black "Kuzubov, Yuriy"]
[Result "1-0"]
[WhiteTitle "IM"]
[BlackTitle "GM"]
[WhiteElo "2495"]
[BlackElo "2699"]
[WhiteFideId "1512668"]
[BlackFideId "14112906"]
[EventDate "2017.12.29"]

1. e4 c5 2. Nf3 Nc6 3. b4 d6 4. bxc5 dxc5 5. Bb5 Bd7 6. O-O e6 7. c3 Nf6 8. Re1
Rc8 9. d4 cxd4 10. cxd4 Bb4 11. Bd2 Bxd2 12. Qxd2 O-O 13. Bd3 Qa5 14. e5 Qxd2
15. Nbxd2 Nb4 16. Bb1 Nfd5 17. Ne4 b6 18. Nd6 Rc3 19. Ng5 h6 20. Nge4 Rc7 21. a3
Nc6 22. Nb5 Rcc8 23. Nbd6 Rcd8 24. Rd1 f6 25. exf6 gxf6 26. Bc2 Be8 27. Nxe8
Rfxe8 28. Ba4 Nce7 29. Bxe8 Rxe8 30. Rac1 Rd8 31. Nc3 Kf7 32. Nb5 Rd7 33. g3 a6
34. Nc3 b5 35. Ne4 a5 36. Kg2 b4 37. axb4 axb4 38. Nc5 Rc7 39. Re1 Nf5 40. Nxe6
Rxc1 41. Nd8+ Kg6 42. Rxc1 Nc3 43. Nc6 Ne2 44. Rb1 1-0

[Event "Mondiale Lampo FIDE 2017"]
[Site "Riyadh"]
[Date "30.12.2017"]
[Round "17.45"]
[White "Zhao, Jun"]
[Black "Naiditsch, Arkadij"]
[Result "1/2-1/2"]
[WhiteTitle "GM"]
[BlackTitle "GM"]
[WhiteElo "2604"]
[BlackElo "2705"]
[WhiteFideId "8602522"]
[BlackFideId "4650891"]
[EventDate "2017.12.29"]

1. e4 c5 2. Nc3 Nc6 3. Bb5 g6 4. Bxc6 bxc6 5. d3 Bg7 6. f4 c4 7. d4 d5 8. e5 h5
9. Nf3 Nh6 10. O-O Bg4 11. b3 Nf5 12. Na4 Nh4 13. Nc5 Qc8 14. bxc4 dxc4 15. Qe2
Bxf3 16. gxf3 Qh3 17. c3 Bh6 18. Qf2 Rg8 19. Qg3 Qxg3+ 20. hxg3 Nf5 21. Kf2 g5
22. fxg5 Bxg5 23. Bxg5 Rxg5 24. Ne4 Rg6 25. Rab1 c5 26. dxc5 Rd8 27. Rh1 Rh6 28.
g4 Ng7 29. gxh5 Ne6 30. c6 Nf4 31. c7 Rc8 32. Rb7 Nd3+ 33. Ke3 Nxe5 34. Nc5 Rc6
35. Kd4 Nxf3+ 36. Ke3 Rxc5 37. Kxf3 Kf8 38. h6 Kg8 39. Rg1+ Kh7 40. Rg7+ Kxh6
41. Rxf7 R8xc7 42. Rb1 Rh5 43. Ke4 Rd7 44. Rg1 Rd2 45. Rf8 Rh4+ 46. Ke5 Rh5+ 47.
Ke6 Re2+ 48. Kd7 Kh7 49. Rf7+ Kh6 50. Rxe7 Rxe7+ 51. Kxe7 Ra5 52. Rg2 Ra3 53.
Rc2 Kg5 54. Ke6 Ra5 55. Rf2 Kg4 56. Kd6 Kg3 57. Rd2 Kf3 58. Rd4 Ke3 59. Rxc4 Kd3
60. Rc8 Ra6+ 61. Kd5 Ra5+ 62. Kd6 Ra6+ 63. Kd7 Ra4 64. Kd6 a5 65. Kd5 Rxa2 66.
c4 Rh2 67. c5 Rh5+ 68. Kc6 Kc4 69. Kb6 a4 70. c6 Rb5+ 71. Kc7 Ra5 72. Rh8 a3 73.
Rh4+ Kd3 74. Rh3+ Ke4 75. Rh1 a2 76. Ra1 Kd5 77. Kb6 Ra3 78. c7 Rb3+ 79. Ka5 Rc3
80. Kb4 Rxc7 81. Rxa2 Ke5 1/2-1/2

[Event "Mondiale Lampo FIDE 2017"]
[Site "Riyadh"]
[Date "30.12.2017"]
[Round "17.46"]
[White "Sethuraman, S.P."]
[Black "Kokarev, Dmitry"]
[Result "1-0"]
[WhiteTitle "GM"]
[BlackTitle "GM"]
[WhiteElo "2646"]
[BlackElo "2615"]
[WhiteFideId "5021596"]
[BlackFideId "4132181"]
[EventDate "2017.12.29"]

1. e4 c5 2. Nf3 d6 3. d4 cxd4 4. Nxd4 Nf6 5. Nc3 a6 6. Bc4 e6 7. Be3 Be7 8. Bb3
O-O 9. g4 Nfd7 10. h4 Nc5 11. g5 b5 12. a3 Bb7 13. f3 Nc6 14. Qd2 Nxb3 15. cxb3
b4 16. Nxc6 Bxc6 17. axb4 Qb8 18. Ne2 d5 19. b5 Bxb5 20. exd5 Bxe2 21. Qxe2 exd5
22. Kf2 Re8 23. Qd3 d4 24. Bxd4 Rd8 25. Qe3 Bd6 26. Rad1 Qb5 27. h5 Re8 28. Qd3
Qb7 29. g6 Be5 30. gxh7+ Kh8 31. h6 g6 32. f4 f6 33. fxe5 fxe5 34. Bc3 Rf8+ 35.
Kg3 Rf5 36. Qe3 Raf8 37. Rhf1 Kxh7 38. Rxf5 Rxf5 39. Bxe5 Qf7 40. Bf4 g5 41.
Bxg5 Kg6 42. Rd6+ Kh5 43. Qe2+ 1-0